Business Applications of Multiple Regression

Ebook from IG Library ; This book describes the use of the statistical procedure called multiple regression in business situations, including forecasting and understanding the relationships between variables. The book assumes a basic understanding of statistics but reviews correlation analysis and s...

Πλήρης περιγραφή

Αποθηκεύτηκε σε:
Λεπτομέρειες βιβλιογραφικής εγγραφής
Κύριος συγγραφέας: Richardson, Ronny
Άλλοι συγγραφείς: Chaffe-Stengel, Priscilla
Μορφή: Βιβλίο
Γλώσσα:Undetermined
Έκδοση: Business Expert Press 2011
Θέματα:
Διαθέσιμο Online:http://lrc.tdmu.edu.vn/opac/search/detail.asp?aID=2&ID=38253
Ετικέτες: Προσθήκη ετικέτας
Δεν υπάρχουν, Καταχωρήστε ετικέτα πρώτοι!
Thư viện lưu trữ: Trung tâm Học liệu Trường Đại học Thủ Dầu Một
LEADER 01591nam a2200193Ia 4500
001 TDMU_38253
008 210410s9999 xx 000 0 und d
082 |a 813.54 
100 |a Richardson, Ronny 
245 0 |a Business Applications of Multiple Regression 
245 0 |c Ronny Richardson 
260 |b Business Expert Press 
260 |c 2011 
300 |a 204Pages 
520 |a Ebook from IG Library ; This book describes the use of the statistical procedure called multiple regression in business situations, including forecasting and understanding the relationships between variables. The book assumes a basic understanding of statistics but reviews correlation analysis and simple regression to prepare the reader to understand and use multiple regression. The techniques described in the book are illustrated using both Microsoft Excel and a professional statistical program. Along the way, several real-world data sets are analyzed in detail to better prepare the reader for working with actual data in a business environment. This book will be a useful guide to managers at all levels who need to understand and make decisions based on data analysis performed using multiple regression. It also provides the beginning analyst with the detailed understanding required to use multiple regression to analyze data sets. 
650 |a Quantitative Approaches to Decision Making; Quản trị kinh doanh 
700 |a Chaffe-Stengel, Priscilla 
856 |u http://lrc.tdmu.edu.vn/opac/search/detail.asp?aID=2&ID=38253 
980 |a Trung tâm Học liệu Trường Đại học Thủ Dầu Một